Fighting like a guerrilla: (Record no. 11121)

MARC details
000 -LEADER
fixed length control field 00829 a2200217 4500
010 ## - LIBRARY OF CONGRESS CONTROL NUMBER
LC control number ENG-89666
020 ## - INTERNATIONAL STANDARD BOOK NUMBER
International Standard Book Number 0415456843
Terms of availability 595.00
035 ## - SYSTEM CONTROL NUMBER
System control number EN-73199
037 ## - SOURCE OF ACQUISITION
Source of stock number/acquisition DBAD / PUB
082 14 - DEWEY DECIMAL CLASSIFICATION NUMBER
Classification number 355.0218
090 ## - LOCALLY ASSIGNED LC-TYPE CALL NUMBER (OCLC); LOCAL CALL NUMBER (OCLC)
-- 11436
-- 11436
100 1# - MAIN ENTRY--PERSONAL NAME
Personal name Rajesh Rajagopalan
245 1# - TITLE STATEMENT
Statement of responsibility, etc by Rajesh Rajagopalan
Title Fighting like a guerrilla:
Remainder of title the Indian army and counterinsurgency/
260 ## - PUBLICATION, DISTRIBUTION, ETC. (IMPRINT)
Place of publication, distribution, etc New Delhi
Name of publisher, distributor, etc Routledge
Date of publication, distribution, etc 2008
270 ## - ADDRESS
Address 912, Tolstoy House, 15-17 Tolstoy Marg
City New Delhi
Postal code 110 001
300 ## - PHYSICAL DESCRIPTION
Extent 217p.:
Dimensions 22 cm ( Hb.)
Other physical details maps
490 ## - SERIES STATEMENT
Series statement Studies in war and international politics/ edited by Srinath Raghavan; 1
500 ## - GENERAL NOTE
General note Includes bibliographical references & index.
942 ## - ADDED ENTRY ELEMENTS (KOHA)
Institution code [OBSOLETE] dpl
Koha item type English Books
Call number prefix 355.0218 / RAJ
Holdings
Withdrawn status Lost status Source of classification or shelving scheme Damaged status Not for loan Collection code Home library Current library Source of acquisition Cost, normal purchase price Total Checkouts Full call number Barcode Date last seen Copy number Uniform Resource Identifier Cost, replacement price Price effective from Koha item type
    Dewey Decimal Classification   Not For Loan Non-fiction D.B.Act.Division D.B.Act.Division DBAD/PUB 595.00   355.0218 EN-73199 15/09/2008 1 12225 595.00 15/09/2008 English Books

© Delhi Public Library
Hit Counter
free hit counter